Visualizzazione normale
Vista MARC
- Pardal Vidal, Baltasar,
di Personal Name
Records bibliografici associati: 1
001 - CONTROL NUMBER
- control field: 7412
003 - CONTROL NUMBER IDENTIFIER
- control field: IT-RoINE
005 - DATE AND TIME OF LATEST TRANSACTION
- control field: 20140508134023.0
008 - FIXED-LENGTH DATA ELEMENTS
- fixed length control field: 140508|| aca||aabn | a|a d
040 ## - CATALOGING SOURCE
- Original cataloging agency: IT-RoINE
- Transcribing agency: IT-RoINE
100 ## - HEADING--PERSONAL NAME
- Personal name: Pardal Vidal, Baltasar,
- Dates associated with a name: 1886-1963
- Form subdivision: Congresos
670 ## - SOURCE DATA FOUND
- Source citation: Work cat.: (IT-RoINE)0: Pérez López, Segundo L., 1948- 4583, Baltasar Pardal Vidal, modelo de sacerdote diocesano /, 2010.